000 00340 a2200169 4500
001 175447
020 _a85-08-08734-9
040 _cMagnum
100 _aLinhares, Sérgio
240 1 0 _aBiologia hoje 2
_lpor
245 1 0 _aBiologia hoje 2
300 _a536
362 0 _a2003
440 1 _aÁtica
697 _aBIOLOGIA
942 _cBK
999 _c175447
_d175447